Joining forces (Record no. 77487)
[ view plain ]
| 000 -LEADER | |
|---|---|
| fixed length control field | 01059cab a2200193 4500 |
| 001 - CONTROL NUMBER | |
| control field | ##L134371 |
| 008 - FIXED-LENGTH DATA ELEMENTS--GENERAL INFORMATION | |
| fixed length control field | 060801n2006 000 0 eng u |
| 035 ## - SYSTEM CONTROL NUMBER | |
| System control number | (Sirsi) u134371 |
| 041 0# - LANGUAGE CODE | |
| Language code of text/sound track or separate title | eng |
| 100 1# - MAIN ENTRY--PERSONAL NAME | |
| Personal name | Atkinson, James |
| 245 00 - TITLE STATEMENT | |
| Title | Joining forces |
| 260 ## - PUBLICATION, DISTRIBUTION, ETC. | |
| Date of publication, distribution, etc. | 2006 |
| 490 #0 - SERIES STATEMENT | |
| Series statement | Contract Journal |
| Volume/sequential designation | 434(6584) 19 July 2006, 22-23(2) |
| 520 ## - SUMMARY, ETC. | |
| Summary, etc. | Reports on the formation of the Property Maintenance Network (PMN), an alliance of small and medium sized regional contractors, which aims to compete with national firms in offering clients a comprehensive maintenance service. Each member of the PMN has to agree to a strict code of ethics covering core service issues. Regular meetings between the client and main contractor monitor progress, with the latter remaining responsible for work done by other companies in the PMN. At present, the PMN concentrates on reactive and routine maintenance work, and has no plans to move into new construction. |
| 590 ## - LOCAL NOTE (RLIN) | |
| Local note | IKA010806 |
| 651 #4 - SUBJECT ADDED ENTRY--GEOGRAPHIC NAME | |
| Geographic name | GREAT BRITAIN |
| 690 ## - LOCAL SUBJECT ADDED ENTRY--TOPICAL TERM (OCLC, RLIN) | |
| Topical term or geographic name as entry element | Refurbishment |
| 9 (RLIN) | 6264 |
| 942 ## - ADDED ENTRY ELEMENTS (KOHA) | |
| Suppress in OPAC | 0 |
| Withdrawn status | Lost status | Source of classification or shelving scheme | Damaged status | Not for loan | Home library | Current library | Shelving location | Date acquired | Total Checkouts | Full call number | Barcode | Date last seen | Copy number | Price effective from | Koha item type |
|---|---|---|---|---|---|---|---|---|---|---|---|---|---|---|---|
| Dewey Decimal Classification | London | London | Journal article | 01/08/2006 | L134371 | 134371-1001 | 06/08/2019 | 1 | 06/08/2019 | Journal article |